000
00198nam a2200085Ia 4500
008
120527s9999 xx 000 0 und d
100
_a
SANTROCK,W.John
245
_a
Life-span development.
942
_c
BK
999
_c
23923
_d
23923